Central Library OPAC University of Rajshahi

The grand titration : (Record no. 66635)

MARC details
000 -LEADER
fixed length control field 00788nam a2200265 a 4500
001 - CONTROL NUMBER
control field 66635
003 - CONTROL NUMBER IDENTIFIER
rucl marc code BD-RjUL
005 - DATE AND TIME OF LATEST TRANSACTION
control field 20211209081549.0
008 - FIXED-LENGTH DATA ELEMENTS--GENERAL INFORMATION
fixed length control field 1 s1969 enkadf 001 0 eng
020 ## - INTERNATIONAL STANDARD BOOK NUMBER
International Standard Book Number 0049310054
035 ## - SYSTEM CONTROL NUMBER
System control number (BD-RjUL)66765
040 ## - CATALOGING SOURCE
Original cataloging agency DLC
Transcribing agency DLC
Modifying agency m.c.
-- BD-RjUL
Language of cataloging eng
041 ## - LANGUAGE CODE
Language code of text/sound track or separate title eng
082 ## - DEWEY DECIMAL CLASSIFICATION NUMBER
Edition number 23
Classification number 509.51
Author mark and year NEG 1969
090 ## - LOCALLY ASSIGNED LC-TYPE CALL NUMBER (OCLC); LOCAL CALL NUMBER (OCLC)
Classification number (OCLC) (R) ; Classification number, CALL (RLIN) (NR) Q127.C5
Local cutter number (OCLC) ; Book number/undivided call number, CALL (RLIN) N374 1969
099 ## - LOCAL FREE-TEXT CALL NUMBER (OCLC)
Bangla Class number Q127.C5.N374 1969
100 1# - MAIN ENTRY--PERSONAL NAME
Personal name Needham, Joseph.
9 (RLIN) 197278
245 14 - TITLE STATEMENT
Title The grand titration :
Remainder of title science and society in East and West /
Statement of responsibility, etc. Joseph Needham.
260 ## - PUBLICATION, DISTRIBUTION, ETC. (IMPRINT)
Place of publication, distribution, etc. London :
Name of publisher, distributor, etc. Allen & Unwin,
Date of publication, distribution, etc. c1969.
300 ## - PHYSICAL DESCRIPTION
Pagination 350 p. :
Illustrations illus. ;
Size 23 cm.
500 ## - GENERAL NOTE
General note Includes Indexes
650 #0 - SUBJECT ADDED ENTRY--TOPICAL TERM
Topical term or geographic name as entry element Science and civilization.
9 (RLIN) 197279
Topical term or geographic name as entry element Science
Geographic subdivision China
General subdivision History.
9 (RLIN) 76902
942 ## - ADDED ENTRY ELEMENTS (KOHA)
Source of classification or shelving scheme Dewey Decimal Classification
Koha item type Books
Holdings
Lost status Source of classification or shelving scheme Damaged status Not for loan Collection code Permanent Location Current Location Shelving location Date acquired Source of acquisition Cost, normal purchase price Total Checkouts Full call number Date last seen Copy number Koha item type
  Dewey Decimal Classification   Not For Loan Non-fiction Central Library, University of Rajshahi Central Library, University of Rajshahi Reading Room 10/09/1970 Zeitlinger 63.00   509.51 NEG 1969 18/03/2017 C-1 Books